[Event "2016 ASTC Secondary Open"]
[Site "Wesley College WA"]
[Date "2016.12.03"]
[Round "1"]
[White "Kong-Lim, Qi Le (SA)"]
[Black "Dale, Ari (VIC)"]
[Result "0-1"]
[WhiteElo "1912"]
[BlackElo "2379"]

1. d4 Nf6 2. c4 g6 3. Nc3 Bg7 4. e4 d6 5. h3 O-O 6. Be3 e5 7. d5 Na6 8. Nf3 Nh5
9. g3 f5 10. exf5 gxf5 11. Ng5 Nxg3 12. fxg3 f4 13. Qh5 h6 14. Ne6 Bxe6 15.
dxe6 fxe3 16. Nd5 c6 17. e7 Qa5+ 18. b4 Nxb4 19. exf8=Q+ Rxf8 20. Ne7+ Kh7 21.
O-O-O Qa3+ 0-1

[Event "2016 ASTC Secondary Open"]
[Site "Wesley College WA"]
[Date "2016.12.03"]
[Round "1"]
[White "Han, Denny (SA)"]
[Black "Chan, Kris (VIC)"]
[Result "0-1"]
[WhiteElo "1733"]
[BlackElo "2200"]

1. e4 e6 2. d3 d5 3. Nd2 Nf6 4. Ngf3 Bc5 5. g3 dxe4 6. Nxe4 Nxe4 7. dxe4 Bxf2+
8. Ke2 Qxd1+ 9. Kxd1 O-O 10. Bc4 Nc6 11. Ke2 Bb6 12. c3 e5 13. Bd5 Ne7 14. Bb3
Bg4 15. Bg5 Nc6 16. Bd5 Kh8 17. Bxc6 bxc6 18. h3 Bxf3+ 19. Kxf3 h6 20. Be3 f5
21. exf5 Rxf5+ 22. Ke4 Raf8 23. g4 Rf3 24. Bxb6 axb6 25. Kxe5 Rf2 26. Ke6 Rd8
27. Ke7 Rd6 28. Rae1 Rxb2 29. Rhf1 Rxa2 30. Rf8+ Kh7 31. Re3 Rad2 32. Rc8 Rd7+
33. Ke6 R2d6+ 34. Ke5 Re7+ 0-1

[Event "2016 ASTC Secondary Open"]
[Site "Wesley College WA"]
[Date "2016.12.03"]
[Round "1"]
[White "Yang, Thomas (QLD)"]
[Black "Archer, Saffron (ACT)"]
[Result "1-0"]
[WhiteElo "1252"]
[BlackElo "1438"]

1. e4 e6 2. d4 d5 3. exd5 exd5 4. Nf3 c6 5. c3 Bd6 6. Bd3 Ne7 7. O-O O-O 8. Re1
Bg4 9. c4 Nd7 10. Be3 Nf6 11. Nbd2 h6 12. c5 Bc7 13. a3 Qd7 14. Qc2 Bh5 15. Nh4
Bf3 16. Ndxf3 b6 17. Ne5 Bxe5 18. dxe5 Ne4 19. cxb6 axb6 20. Bxb6 Rab8 21. Bc5
{The remaining moves don't make sense} 1-0

[Event "2016 ASTC Secondary Open"]
[Site "Wesley College WA"]
[Date "2016.12.03"]
[Round "1"]
[White "Vearncombe, Sebastian (WA)"]
[Black "Xu, Brendan (NSW)"]
[Result "0-1"]
[WhiteElo "674"]
[BlackElo "1504"]

1. Nf3 c5 2. c4 Nc6 3. b3 d6 4. Bb2 e5 5. e3 Nf6 6. Nc3 Bg4 7. Be2 e4 8. Ng1
Ne5 9. h3 Nd3+ 10. Kf1 Nxb2 11. Qc2 Bxe2+ 12. Ngxe2 Nd3 13. Nxe4 Nb4 14. Qb1
Be7 15. a3 Nc6 16. Nf4 O-O 17. g4 Nxe4 18. Qxe4 Bf6 19. g5 Bxa1 20. g6 hxg6 21.
Qd5 Qf6 22. Rg1 Kh7 23. h4 Rae8 24. h5 g5 25. Rxg5 Re5 26. Qd3+ Kg8 27. Ng6
fxg6 28. Rxg6 Qxf2# 0-1

[Event "2016 ASTC Secondary Open"]
[Site "Wesley College WA"]
[Date "2016.12.03"]
[Round "1"]
[White "Sannidhanam, Anuray (VIC)"]
[Black "Herrmann, Oscar (SA)"]
[Result "1-0"]
[WhiteElo "1768"]
[BlackElo "1595"]

1. Nf3 Nf6 2. g3 d5 3. Bg2 Bg4 4. c4 c6 5. Nc3 e6 6. cxd5 exd5 7. d3 Be7 8. O-O
O-O 9. Qb3 Qb6 10. Qc2 Bxf3 11. Bxf3 Nbd7 12. Bg2 Rfe8 13. e4 d4 14. Ne2 Rac8
15. f4 Red8 16. Bh3 h5 17. Kh1 Rc7 18. e5 Ng4 19. Bg2 c5 20. h3 Ne3 21. Bxe3
dxe3 22. Nc3 Nb8 23. Nd5 Rxd5 24. Bxd5 Qg6 25. Kh2 h4 26. g4 Nc6 27. Bxc6 Rxc6
28. Qe2 c4 29. f5 Qg5 30. dxc4 Bc5 31. Rad1 a5 32. Rd5 Bb4 33. a3 Bd2 34. f6
gxf6 35. e6 Qg6 36. e7 Qe4 37. Rd8+ Kg7 38. e8=Q Rxc4 39. Qh8+ Kg6 40. Rxf6+
Kg5 41. Qh6# 1-0

[Event "2016 ASTC Secondary Open"]
[Site "Wesley College WA"]
[Date "2016.12.03"]
[Round "1"]
[White "Yuan, Ziqi (ACT)"]
[Black "Zhong, Tony (QLD)"]
[Result "0-1"]
[WhiteElo "1587"]
[BlackElo "1989"]

1. Nf3 Nf6 2. d4 e6 3. Bf4 b6 4. g3 d5 5. Bg2 Bd6 6. Bxd6 cxd6 7. O-O Ba6 8.
Re1 O-O 9. c3 Nbd7 10. Nbd2 b5 11. Qc2 Qb6 12. a3 Bb7 13. Rad1 Rfc8 14. Qb1 a5
15. Rc1 Ba6 16. e4 dxe4 17. Nxe4 Nxe4 18. Rxe4 d5 19. Re3 b4 20. axb4 axb4 21.
Ng5 Nf6 22. Bh3 Rc7 23. cxb4 Rxc1+ 24. Qxc1 Qxd4 25. Qc3 Qd1+ 26. Re1 Qh5 27.
Qe5 Kh8 28. Bg2 Ng4 29. Nxf7+ Qxf7 30. Qxe6 Qxf2+ 31. Kh1 Rf8 32. Qe8 Bb5 33.
Qe7 d4 34. Rc1 Ne3 0-1

[Event "2016 ASTC Secondary Open"]
[Site "Wesley College WA"]
[Date "2016.12.03"]
[Round "1"]
[White "Cannon, David (VIC)"]
[Black "Gregoric, Peter (SA)"]
[Result "1-0"]
[WhiteElo "2089"]
[BlackElo "1836"]

1. e4 e6 2. d4 d5 3. Nd2 Nf6 4. e5 Nfd7 5. Bd3 c5 6. c3 Nc6 7. Ne2 cxd4 8. cxd4
f6 9. exf6 Nxf6 10. O-O Bd6 11. Nf3 Qc7 12. Bg5 O-O 13. Rc1 Bd7 14. Bh4 Be8 15.
Nc3 a6 16. Bg3 Bh5 17. Be2 Rae8 18. Ne5 Bxe2 19. Nxe2 Ne4 20. Nxc6 Nxg3 21. Ne5
Nxe2+ 22. Qxe2 Qa5 23. a3 Rf4 24. Nf3 Re4 25. Qd3 e5 26. dxe5 Bxe5 27. b4 Qd8
28. Rcd1 d4 29. Nxe5 R8xe5 30. Qc4+ Qd5 31. Qxd5+ Rxd5 32. Rd2 d3 33. Rc1 Re2
34. Rcd1 Re7 35. f3 Red7 36. Kf2 Kf7 37. Ke3 Re5+ 38. Kf4 Red5 39. Ke4 Ke6 40.
Rxd3 Re5+ 41. Kf4 Rf7+ 42. Kg3 Re2 43. Rd6+ Kf5 44. R1d5+ Re5 45. Rd4 g5 46.
Kf2 Re6 47. R4d5+ Kf6 48. Rxe6+ Kxe6 49. Rxg5 Kd6 50. Ke3 Kc6 51. Rc5+ Kd6 52.
f4 b6 53. Rh5 Re7+ 54. Kd4 Rd7 55. g3 Re7 56. g4 Kc6 57. Rh6+ Kb5 58. f5 a5 59.
bxa5 bxa5 60. f6 Rf7 1-0

[Event "2016 ASTC Secondary Open"]
[Site "Wesley College WA"]
[Date "2016.12.03"]
[Round "1"]
[White "Tan, Wallace (ACT)"]
[Black "Franco, James (QLD)"]
[Result "0-1"]
[WhiteElo "1182"]
[BlackElo "693"]

1. c4 e6 2. g3 d5 3. cxd5 exd5 4. Bg2 Nf6 5. Nf3 c6 6. d4 h6 7. Nc3 Bd6 8. O-O
Bf5 9. e3 O-O 10. Bd2 Re8 11. Rc1 Nbd7 12. Nh4 Bh7 13. Re1 Nb6 14. Na4 Nc4 15.
b3 Nxd2 16. Qxd2 Ne4 17. Qe2 Ba3 18. Ra1 b5 19. Nb2 Nc3 20. Qd2 Bxb2 21. Qxb2
b4 22. Rac1 Be4 23. a3 a5 24. Bxe4 Rxe4 25. Ng2 g5 26. Rf1 h5 27. Ne1 h4 28.
Nd3 h3 29. axb4 axb4 30. Nxb4 Qf6 31. f3 Rxe3 32. Rce1 Rxe1 33. Rxe1 Qxd4+ 34.
Kh1 Qxb4 35. Qd2 f6 36. Qc2 Ne4 37. Rc1 Qd2 38. Qxd2 Nxd2 39. Kg1 Nxf3+ 40. Kf2
Ne5 41. Ke3 Ng4+ 42. Kd4 Nxh2 43. Rxc6 Nf3+ 44. Ke3 h2 45. Rc1 Ng1 0-1

[Event "2016 ASTC Secondary Open"]
[Site "Wesley College WA"]
[Date "2016.12.03"]
[Round "1"]
[White "Slater-Jones, Tom (QLD)"]
[Black "Hathiramani, Dillon (ACT)"]
[Result "1/2-1/2"]
[WhiteElo "2048"]
[BlackElo "1835"]

1. d4 Nf6 2. c4 g6 3. Nc3 Bg7 4. e4 d6 5. Be2 O-O 6. Nf3 e5 7. O-O Nc6 8. d5
Ne7 9. b4 Ne8 10. c5 f5 11. Nd2 Nf6 12. cxd6 cxd6 13. Kh1 f4 14. Nc4 g5 15. g4
h5 16. h3 hxg4 17. hxg4 Ng6 18. f3 Rf7 19. Rf2 Nh4 20. Bf1 Bf8 21. Rh2 Rh7 22.
Bd2 Qe7 23. Be1 Nxf3 24. Qxf3 Nxg4 25. Rh3 Nf6 26. Rxh7 Qxh7+ 27. Kg1 g4 28.
Qh1 Qg6 29. Kf2 f3 30. Ke3 Bd7 31. Kd3 Rc8 32. a4 a6 33. Nb6 Rc7 34. Nxd7 Rxd7
35. Ra2 Rc7 36. Bd2 b6 37. Be3 Rxc3+ 38. Kxc3 Qxe4 39. Bd2 Nxd5+ 40. Kb3 Nf4
41. Bxf4 Qxf4 42. Bc4+ Kg7 43. Rc2 d5 44. Bxd5 Qxb4+ 45. Ka2 Qxa4+ 46. Kb2 Ba3+
47. Kb1 Qb4+ 48. Ka2 Qa4 49. Rc7+ Be7+ 50. Kb1 Qb5+ 51. Kc2 Qa4+ 52. Bb3 Qe4+
53. Kb2 Qd4+ 54. Ka2 Qd2+ 55. Rc2 Qa5+ 56. Kb1 Qb4 57. Rb2 Qd4 58. Qh5 f2 59.
Qf7+ Kh6 60. Qxf2 Qxf2 61. Rxf2 Kg5 62. Kc2 g3 63. Rg2 Kf4 64. Kd3 e4+ 65. Ke2
Bc5 66. Bd5 a5 67. Bc6 Bd4 68. Kf1 Bf2 69. Ke2 e3 70. Kd3 Ke5 71. Bf3 Kd6 72.
Kc4 Ke5 73. Kd3 1/2-1/2

[Event "2016 ASTC Secondary Open"]
[Site "Wesley College WA"]
[Date "2016.12.03"]
[Round "2"]
[White "Dale, Ari (VIC)"]
[Black "Hathiramani, Dillon (ACT)"]
[Result "1-0"]
[WhiteElo "2379"]
[BlackElo "1835"]

1. d4 Nf6 2. c4 e6 3. Nc3 Bb4 4. e3 b6 5. Bd3 Bb7 6. Nf3 Bxc3+ 7. bxc3 c5 8.
O-O O-O 9. Re1 Nc6 10. e4 d6 11. e5 dxe5 12. dxe5 Nd7 13. Bxh7+ Kh8 14. Bc2
Ndb8 15. Qe2 Ne7 16. Ng5 g6 17. Ne4 Bxe4 18. Qxe4 Nd7 19. Bg5 Kg8 20. Qh4 Re8
21. Rad1 1-0

[Event "2016 ASTC Secondary Open"]
[Site "Wesley College WA"]
[Date "2016.12.03"]
[Round "2"]
[White "Yuan, Ziqi (ACT)"]
[Black "Chan, Kris (VIC)"]
[Result "0-1"]
[WhiteElo "1587"]
[BlackElo "2200"]

1. Nf3 d5 2. g3 Bg4 3. Bg2 Nd7 4. d3 e5 5. c4 e4 6. dxe4 dxe4 7. Nd4 Ngf6 8.
Nc3 Bb4 9. Bd2 Nc5 10. Nc2 Nd3+ 11. Kf1 Nxb2 12. Qc1 Nxc4 13. Nxb4 Nxd2+ 14.
Kg1 O-O 15. h3 Bf5 16. Kh2 Qd4 17. a3 Nb3 0-1

[Event "2016 ASTC Secondary Open"]
[Site "Wesley College WA"]
[Date "2016.12.03"]
[Round "2"]
[White "Tan, Wallace (ACT)"]
[Black "Dias, Douglas (VIC)"]
[Result "1/2-1/2"]
[WhiteElo "1182"]
[BlackElo "1148"]

1. c4 Nf6 2. Nc3 g6 3. g3 Bg7 4. Bg2 O-O 5. Nf3 c6 6. O-O d5 7. cxd5 Nxd5 8. d4
Nxc3 9. bxc3 c5 10. Bf4 Bf5 11. Qd2 Nd7 12. Bh6 Rb8 13. Bf4 e5 14. dxe5 Nxe5
15. Qxd8 Nxf3+ 16. Bxf3 Rbxd8 17. Bxb7 Bxc3 18. Rac1 Bb4 19. e4 Bg4 20. f3 Be6
21. a4 c4 22. Bd5 Bxd5 23. exd5 Rxd5 24. Rxc4 a5 25. Rfc1 Kg7 26. Rc7 Rd3 27.
Ra7 Rxf3 28. Rcc7 Ra3 29. Be5+ Kg8 30. Bf4 Rxa4 31. Bh6 Re8 32. Rxf7 Bc5+ 33.
Kg2 Ra2+ 34. Kh3 Bxa7 35. Rg7+ Kh8 36. Rxa7 a4 37. Bg5 h5 38. Bf6+ Kg8 39. Rg7+
Kf8 40. Rh7 Ree2 41. Kh4 Rxh2+ 42. Kg5 Raf2 43. Kxg6 Rxf6+ 44. Kxf6 Rf2+ 45.
Ke5 a3 46. Rxh5 a2 47. Rh1 Rh2 48. Ra1 Rg2 49. Kf4 Kf7 50. Kf3 Rb2 51. Ke3 Ke6
52. Kd3 Rb3+ 53. Kc2 Rxg3 54. Rxa2 1/2-1/2

[Event "2016 ASTC Secondary Open"]
[Site "Wesley College WA"]
[Date "2016.12.03"]
[Round "2"]
[White "Han, Denny (SA)"]
[Black "Li, Raymond (NSW)"]
[Result "0-1"]
[WhiteElo "1733"]
[BlackElo "1589"]

1. e4 d5 2. exd5 Nf6 3. c4 e6 4. dxe6 Bxe6 5. d4 Bb4+ 6. Nc3 Ne4 7. Qd3 Bf5 8.
Bd2 O-O 9. Be2 Re8 10. a3 Bxc3 11. Bxc3 Qg5 12. Qf3 Qg6 13. Kf1 Nd7 14. Nh3
Nxc3 15. Qxc3 Qh6 16. Ng1 Nf6 17. Bd3 Ne4 18. Bxe4 Rxe4 19. Ne2 Re7 20. Ng3 Bg6
21. Rd1 Rae8 22. h4 Qf4 23. Kg1 Qg4 24. Qf3 Re1+ 25. Rxe1 Rxe1+ 26. Nf1 Qxd4
27. Qxb7 Rxf1+ 28. Kh2 Qxh4# 0-1

[Event "2016 ASTC Secondary Open"]
[Site "Wesley College WA"]
[Date "2016.12.03"]
[Round "2"]
[White "Chang, Raphael (NSW)"]
[Black "Herrmann, Oscar (SA)"]
[Result "0-1"]
[WhiteElo "1648"]
[BlackElo "1595"]

1. d4 Nf6 2. c4 e6 3. Nc3 Bb4 4. e3 Ne4 5. Qc2 f5 6. a3 Bxc3+ 7. bxc3 O-O 8.
Nf3 b6 9. Be2 Nc6 10. Bb2 Na5 11. Bd3 Bb7 12. O-O Nd6 13. Ne5 Qg5 14. f4 Qe7
15. a4 Ne4 16. Ba3 c5 17. Bxe4 Bxe4 18. Qe2 d6 19. Nf3 Qe8 20. Rfd1 Rc8 21. d5
h6 22. Bb2 Rf6 23. Ra2 Rc7 24. Ba1 Bxf3 25. Qxf3 e5 26. Qf1 e4 27. Bb2 Qc8 28.
Bc1 Qa6 29. Bd2 Rf8 30. Rda1 Qxc4 31. Qxc4 Nxc4 32. Kf2 Kf7 33. Rg1 Kf6 34. Ke2
g6 35. Raa1 Na5 36. c4 Nxc4 37. Bc3+ Ke7 38. g4 Rg8 39. Rg3 Rcc8 40. Rag1 fxg4
41. Rxg4 Rce8 42. Kf2 a6 43. Rh4 h5 44. f5 gxf5 45. Rxh5 Rxg1 {The remaining
moves don't make sense} 0-1

[Event "2016 ASTC Secondary Open"]
[Site "Wesley College WA"]
[Date "2016.12.03"]
[Round "2"]
[White "Franco, James (QLD)"]
[Black "Vearncombe, Sebastian (WA)"]
[Result "1-0"]
[WhiteElo "693"]
[BlackElo "674"]

1. e4 c5 2. c3 Nf6 3. e5 Nd5 4. Nf3 e6 5. g3 d6 6. exd6 Bxd6 7. Bg2 b6 8. d4
Bb7 9. O-O O-O 10. Na3 Qc7 11. Nb5 Qd7 12. Nxd6 Qxd6 13. c4 Nf6 14. Bf4 Qc6 15.
dxc5 bxc5 16. Qb3 Nbd7 17. Nh4 Ne4 18. Rad1 Rfd8 19. Rfe1 f5 20. f3 Nef6 21.
Rd6 Qc8 22. Rexe6 Rb8 23. Nxf5 Bd5 24. Qc3 Re8 25. Rxe8+ Qxe8 26. cxd5 Qf8 27.
Re6 Nxd5 28. Ne7+ Nxe7 29. Bxb8 Nxb8 30. Qxc5 Ng6 31. Qxf8+ Kxf8 32. Re3 Nc6
33. Ra3 a5 34. f4 Nd8 35. Rxa5 Ke7 36. Ra7+ Kf6 37. a4 Ne7 38. a5 Nec6 39. Ra6
{The remaining moves don't make sense} 1-0

[Event "2016 ASTC Secondary Open"]
[Site "Wesley College WA"]
[Date "2016.12.03"]
[Round "2"]
[White "Kong-Lim, Qi Le (SA)"]
[Black "Willathgamuwa, Kevin (NSW)"]
[Result "0-1"]
[WhiteElo "1912"]
[BlackElo "1932"]

1. e4 d5 2. exd5 Qxd5 3. Nc3 Qa5 4. Bc4 Nf6 5. d3 c6 6. h3 e5 7. Nf3 Bd6 8. Bg5
Nbd7 9. Qd2 h6 10. Bh4 Nf8 11. O-O-O Be6 12. Bxe6 Nxe6 13. Rhe1 O-O-O 14. Kb1
Qc7 15. Qe3 Nf4 16. Bxf6 gxf6 17. g3 Ng2 18. Qxa7 Nxe1 19. Na4 Nxf3 20. Nb6+
Qxb6 21. Qxb6 Nd4 22. c3 Ne6 23. d4 exd4 24. cxd4 Bc5 25. Qb3 Rxd4 26. Rxd4
Bxd4 27. Qf3 h5 28. h4 Be5 29. a4 Kd7 30. Qb3 Rb8 31. Qd1+ Ke7 32. Qxh5 Ra8 33.
f4 Bd6 34. Qe2 f5 35. g4 Ra5 36. Qd2 Rd5 37. Qe2 fxg4 38. Qxg4 Bxf4 39. Qf3 Rd4
40. a5 Rd5 41. Qb3 Rb5 42. Qa4 Be5 43. Qa3+ Ke8 44. a6 Bxb2 45. Qf3 Be5+ 46.
Kc1 Rc5+ 47. Kd1 bxa6 48. Qg4 Bg7 49. Qg3 Rd5+ 50. Ke1 Re5+ 51. Kd1 a5 52. h5
Rxh5 53. Qb8+ 0-1

[Event "2016 ASTC Secondary Open"]
[Site "Wesley College WA"]
[Date "2016.12.03"]
[Round "2"]
[White "Willathgamuwa, Rowan (NSW)"]
[Black "Gregoric, Peter (SA)"]
[Result "1/2-1/2"]
[WhiteElo "1829"]
[BlackElo "1836"]

1. Nf3 e6 2. g3 Nf6 3. Bg2 d5 4. O-O c5 5. c4 Nc6 6. cxd5 Nxd5 7. Nc3 Be7 8.
Nxd5 exd5 9. d4 O-O 10. dxc5 Bxc5 11. Ng5 Bd4 12. Qb3 Bf6 13. Nf3 d4 14. Rd1
Qe7 15. e3 dxe3 16. Bxe3 Be6 17. Qb5 Rfd8 18. Bc5 Qc7 19. a4 a6 20. Qe2 Na5 21.
Bd4 Bxd4 22. Nxd4 Rxd4 23. Rxd4 Nb3 24. Rad1 Nxd4 25. Rxd4 Rb8 26. Qd2 h6 27.
Rd6 b6 28. Be4 Bh3 29. Bg2 Be6 30. h4 a5 31. Be4 Re8 32. Qd4 Bh3 33. Rc6 Qe7
34. Bg2 Bxg2 35. Kxg2 Qe4+ 36. Qxe4 Rxe4 37. Rxb6 Rxa4 38. Kf3 h5 39. Rb5 g6
40. Ke3 Ra1 41. Rb3 a4 42. Ra3 Rb1 43. Ra2 Kg7 44. Kd2 Rf1 45. Ke2 Rb1 46. Kd2
Rf1 47. f4 Rf2+ 48. Ke3 Rc2 49. Rxa4 Rxb2 50. Ra3 Rb4 51. Kf3 Rc4 52. Rb3 Ra4
1/2-1/2

[Event "2016 ASTC Secondary Open"]
[Site "Wesley College WA"]
[Date "2016.12.03"]
[Round "2"]
[White "Sannidhanam, Anuray (VIC)"]
[Black "Archer, Saffron (ACT)"]
[Result "1-0"]
[WhiteElo "1768"]
[BlackElo "1438"]

1. Nf3 e6 2. g3 d5 3. Bg2 c5 4. d3 Nf6 5. Nbd2 Nc6 6. O-O Be7 7. e4 O-O 8. e5
Nd7 9. Re1 Qc7 10. Qe2 Rd8 11. h4 b6 12. Nf1 Bb7 13. N1h2 Rac8 14. Bf4 d4 15.
Bh3 Nb4 16. c4 dxc3 17. bxc3 Nd5 18. Rac1 Nf8 19. h5 Ba6 20. c4 Nb4 21. Red1
Nc6 22. g4 Nd4 23. Nxd4 Rxd4 24. Be3 Rd7 25. f4 Rcd8 26. Nf3 Bb7 27. Bf2 Qc6
28. Bg2 Qc7 29. Bg3 Qc8 30. Ne1 Bxg2 31. Qxg2 Rd4 32. Qe2 Qb7 33. Nf3 R4d7 34.
Rb1 Qc7 35. Kf2 Qc6 36. Rb3 Qc7 37. Nd2 Rd4 38. Ne4 Nd7 39. Nc3 a6 40. Qb2 Nf8
41. Qb1 Rb8 42. Ne2 Rd7 43. Rd2 Bd8 44. Nc3 Qc6 45. a4 Rdb7 46. Ne4 Bc7 47. h6
Ng6 48. hxg7 Kxg7 49. Qh1 f5 50. exf6+ Kf8 51. Qxh7 Bxf4 52. Bxf4 Rxh7 53. Bxb8
Rh4 54. Bd6+ 1-0

[Event "2016 ASTC Secondary Open"]
[Site "Wesley College WA"]
[Date "2016.12.03"]
[Round "3"]
[White "Yang, Thomas (QLD)"]
[Black "Han, Denny (SA)"]
[Result "1-0"]
[WhiteElo "1252"]
[BlackElo "1733"]

1. e4 e5 2. Nf3 Nc6 3. Bc4 Bc5 4. d3 Nf6 5. Bg5 h6 6. Bh4 d6 7. Nc3 Na5 8. Bb3
Nxb3 9. axb3 Bg4 10. h3 Bh5 11. Qe2 c6 12. g4 Bg6 13. O-O-O Qe7 14. d4 Bb6 15.
d5 Ba5 16. dxc6 bxc6 17. Qc4 O-O 18. Qxc6 Bxc3 19. bxc3 Bxe4 20. Bxf6 Bxc6 21.
Bxe7 Bxf3 22. Bxf8 Kxf8 23. Rhe1 Bxd1 24. Kxd1 Ke7 25. Kd2 Rc8 26. f4 Kf6 27.
fxe5+ dxe5 28. Rf1+ Ke6 29. Ra1 Rc7 30. c4 Kf6 31. h4 Rd7+ 32. Ke3 g6 33. c3
Ke6 34. Ra6+ Rd6 35. Rxa7 f5 36. gxf5+ Kxf5 37. Ra1 Kg4 38. Ra4 Rd1 39. c5+ Kg3
40. c6 Rd8 41. c7 Rc8 42. Rc4 e4 43. b4 Kxh4 44. b5 g5 45. Rxe4+ Kh3 46. b6 1-0

[Event "2016 ASTC Secondary Open"]
[Site "Wesley College WA"]
[Date "2016.12.03"]
[Round "3"]
[White "Li, Raymond (NSW)"]
[Black "Chan, Kris (VIC)"]
[Result "1-0"]
[WhiteElo "1589"]
[BlackElo "2200"]

1. e4 e6 2. d4 d5 3. exd5 exd5 4. Bd3 Nc6 5. c3 Bd6 6. Ne2 Qh4 7. Ng3 Nge7 8.
O-O Bg4 9. Qb3 f5 10. f4 O-O-O 11. Be3 g5 12. Ne2 Bxe2 13. Bxe2 gxf4 14. Bf2
Qg5 15. Bf3 h5 16. Na3 a6 17. c4 Bxa3 18. Qxa3 dxc4 19. Rfd1 Nd5 20. Rac1 Qf6
21. Rxc4 Nb6 22. Rc5 Nxd4 23. Bxd4 Rxd4 24. Rxc7+ Kxc7 25. Qc3+ Kb8 26. Qxd4
Qxd4+ 27. Rxd4 Rc8 28. Rb4 Ka7 29. a4 Rc1+ 30. Kf2 Rc2+ 31. Ke1 Rc1+ 32. Kf2
Rc2+ 33. Ke1 Rc4 34. Rxc4 Nxc4 35. Bxh5 Nxb2 36. Be8 Nd3+ 37. Ke2 Ne5 38. h4 b5
39. axb5 a5 40. h5 a4 41. b6+ Kxb6 42. Bxa4 Kc5 43. Be8 Ng4 44. Kf3 Kd6 45.
Kxf4 Ke7 46. Bg6 Kf6 47. Bxf5 Nh6 48. Bc2 Kg7 49. Bd3 Kf6 50. Bg6 Kg7 51. Kg5
Ng8 52. Bc2 Nh6 53. Bb3 Kh7 54. Bc4 Kg7 55. Be6 Kh7 56. Kf6 Kh8 57. Kg6 Nf7 58.
Kxf7 Kh7 59. g4 1-0

[Event "2016 ASTC Secondary Open"]
[Site "Wesley College WA"]
[Date "2016.12.03"]
[Round "3"]
[White "Sannidhanam, Anuray (VIC)"]
[Black "Xu, Brendan (NSW)"]
[Result "1-0"]
[WhiteElo "1768"]
[BlackElo "1504"]

1. Nf3 c5 2. g3 Nc6 3. Bg2 e5 4. d3 g6 5. Nbd2 Bg7 6. e4 Nge7 7. O-O O-O 8. c3
d6 9. a4 h6 10. Ne1 Qc7 11. Nc4 Be6 12. Ne3 Rad8 13. Nd5 Bxd5 14. exd5 Nb8 15.
Bd2 f5 16. f4 Nd7 17. Nc2 a6 18. a5 c4 19. dxc4 Qxc4 20. Ne3 Qc5 21. b4 Qc7 22.
Qb3 e4 23. Rac1 b6 24. axb6 Qxb6 25. Kh1 Nc5 26. Qc4 Nd3 27. Ra1 Ra8 28. Bxe4
Nb2 29. Qb3 fxe4 30. Qxb2 Qb7 31. Qc2 Rae8 32. Qxe4 Nf5 33. Qd3 Nxe3 34. Bxe3
Rc8 35. Rfc1 Rc7 36. Rab1 Rfc8 37. c4 Kh7 38. f5 Re7 39. fxg6+ Kg8 40. c5 Rce8
41. Re1 dxc5 42. bxc5 Rxe3 43. Rxb7 Rxe1+ 44. Kg2 R1e2+ 45. Kf3 Rxh2 46. d6
Rf8+ 47. Rf7 Rd8 48. Qd5 Kh8 49. Rxg7 Rf8+ 1-0

[Event "2016 ASTC Secondary Open"]
[Site "Wesley College WA"]
[Date "2016.12.03"]
[Round "3"]
[White "Vearncombe, Sebastian (WA)"]
[Black "Tan, Wallace (ACT)"]
[Result "0-1"]
[WhiteElo "674"]
[BlackElo "1182"]

1. Nf3 d5 2. c4 c6 3. b3 Nf6 4. Bb2 g6 5. g3 Bg7 6. Bg2 Nbd7 7. d3 O-O 8. Nbd2
Re8 9. O-O e5 10. a3 d4 11. Re1 c5 12. b4 Rb8 13. bxc5 Nxc5 14. Qc2 Bd7 15. a4
Qa5 16. Ra2 Rbc8 17. e3 dxe3 18. fxe3 Ng4 19. h3 Nh6 20. Bc3 Qc7 21. d4 exd4
22. exd4 Ne6 23. d5 Nc5 24. Bxg7 Kxg7 25. Qc3+ Kg8 26. g4 Nxa4 27. Qa1 Rxe1+
28. Nxe1 Re8 29. Nd3 Qg3 30. Nf2 Re2 31. Nde4 Rxa2 32. Qxa2 Qf4 33. Qa1 Kf8 34.
Qf6 Qc1+ 35. Bf1 Qb2 36. Qxb2 Nxb2 37. c5 Ke7 38. Nd3 Nxd3 39. Bxd3 Ng8 40. Kf2
Nf6 41. d6+ Ke6 42. Bc4+ Ke5 43. Nxf6 Kxf6 44. Ke3 a5 45. Kf4 h6 46. h4 g5+ 47.
hxg5+ hxg5+ 48. Kf3 a4 49. Ba2 a3 50. Bb3 Be6 51. c6 bxc6 52. Bxe6 Kxe6 53. Ke4
a2 54. d7 Kxd7 55. Kf5 a1=Q 56. Ke4 Qf1 57. Ke5 Qf4# 0-1

[Event "2016 ASTC Secondary Open"]
[Site "Wesley College WA"]
[Date "2016.12.03"]
[Round "3"]
[White "Cannon, David (VIC)"]
[Black "Willathgamuwa, Rowan (NSW)"]
[Result "0-1"]
[WhiteElo "2089"]
[BlackElo "1829"]

1. e4 c5 2. c3 d6 3. d4 cxd4 4. cxd4 Nf6 5. Nc3 g6 6. Nf3 Bg7 7. h3 O-O 8. Be2
Nc6 9. O-O e5 10. Bg5 Qb6 11. d5 Ne7 12. Qd2 Bd7 13. Rac1 Rfc8 14. Be3 Qa5 15.
Nh2 Ne8 16. Rb1 f5 17. f3 a6 18. b4 Qd8 19. a4 a5 20. bxa5 Qxa5 21. Rfc1 Rab8
22. Bb6 Qa8 23. Bb5 Bxb5 24. axb5 Qa3 25. Qc2 Rc4 26. Rb3 Qa8 27. Qb2 Rbc8 28.
Nf1 Bh6 29. Ra1 Qb8 30. Be3 Bxe3+ 31. Nxe3 R4c7 32. b6 Rd7 33. Rba3 Rdd8 34.
Nb5 f4 35. Nd1 Rc4 36. Ndc3 Qc8 37. Ra7 Qc5+ 38. Qf2 Rxc3 39. Nxc3 Qxc3 40.
R1a3 Qc1+ 41. Qf1 Qc5+ 42. Qf2 Qc1+ 43. Qf1 Qc5+ 44. Qf2 Qc1+ {Threefold
repetition occured} 45. Kh2 Nc8 46. Ra1 Qe3 47. Qa2 Nxa7 48. bxa7 Ra8 49. Qa4
b5 50. Qd1 Qc5 51. Qb3 Nc7 52. Qa2 b4 53. Qa4 Nb5 54. Qa5 Qxa7 55. Qxb4 Qxa1
56. Qxb5 Qe1 57. Qb2 Ra1 58. Qb8+ Kg7 59. Qc7+ Kh6 0-1

[Event "2016 ASTC Secondary Open"]
[Site "Wesley College WA"]
[Date "2016.12.03"]
[Round "3"]
[White "Herrmann, Oscar (SA)"]
[Black "Franco, James (QLD)"]
[Result "1-0"]
[WhiteElo "1595"]
[BlackElo "693"]

1. d4 d5 2. c4 c6 3. Nf3 Nf6 4. Nc3 dxc4 5. a4 Bf5 6. e3 e6 7. Bxc4 Bb4 8. O-O
Nbd7 9. Qe2 O-O 10. Rd1 Ne4 11. Na2 Be7 12. h3 a5 13. Bd2 Nxd2 14. Nxd2 Nf6 15.
Nc3 Bb4 16. Rac1 Bxc3 17. bxc3 Ne4 18. Ba2 Nxd2 19. Rxd2 Qg5 20. Kh2 Bg6 21.
Rb2 Rab8 22. c4 Rfd8 23. f4 Qe7 24. c5 Be4 25. Qd2 Qc7 26. Rb6 Ra8 27. Rc3 Rdb8
28. Bc4 Ra7 29. Be2 f5 1-0

[Event "2016 ASTC Secondary Open"]
[Site "Wesley College WA"]
[Date "2016.12.03"]
[Round "3"]
[White "Slater-Jones, Tom (QLD)"]
[Black "Kong-Lim, Qi Le (SA)"]
[Result "1/2-1/2"]
[WhiteElo "2048"]
[BlackElo "1912"]

1. d4 e6 2. c4 f5 3. g3 Nf6 4. Bg2 d6 5. Nf3 g6 6. Nc3 Bg7 7. O-O O-O 8. Re1
Ne4 9. Nd2 Nxc3 10. bxc3 e5 11. Nb3 Qe8 12. c5 e4 13. e3 d5 14. Qc2 Be6 15. Ba3
Rf7 16. Rab1 b5 17. Na5 c6 18. Bb4 a6 19. a4 g5 20. Ra1 Raa7 21. axb5 axb5 22.
Nb3 Na6 23. Ba5 Bc8 24. Bb6 Rae7 25. Ra2 f4 26. Rea1 Nc7 27. Bxc7 Rxc7 28. Ra8
Qe6 29. R8a6 Bf8 30. Rb6 fxe3 31. fxe3 Ra7 32. Rb8 {The remaining moves don't
make sense} 1/2-1/2

[Event "2016 ASTC Secondary Open"]
[Site "Wesley College WA"]
[Date "2016.12.03"]
[Round "3"]
[White "Willathgamuwa, Kevin (NSW)"]
[Black "Dale, Ari (VIC)"]
[Result "0-1"]
[WhiteElo "1932"]
[BlackElo "2379"]

1. Nf3 Nf6 2. c4 g6 3. b3 Bg7 4. Bb2 O-O 5. g3 d6 6. Bg2 e5 7. d3 Nc6 8. Nbd2
h6 9. O-O Nh5 10. e3 f5 11. a3 Be6 12. b4 Qd7 13. Rc1 Rae8 14. b5 Ne7 15. a4
Nf6 16. c5 g5 17. Ne1 Ng6 18. c6 Qf7 19. cxb7 f4 20. Qc2 Re7 21. d4 e4 22. exf4
gxf4 23. Nxe4 Nd5 24. Nd2 f3 25. Bxf3 Ngf4 26. Kh1 Nh3 27. Nd3 h5 28. Rce1 Bh6
29. Bg2 Bf5 30. Rxe7 Nxe7 31. Nf3 Be4 32. Nfe1 Bxg2+ 33. Kxg2 Nd5 34. Qe2 Qf5
35. Qf3 Qe6 36. Qxh5 Ng5 0-1

[Event "2016 ASTC Secondary Open"]
[Site "Wesley College WA"]
[Date "2016.12.03"]
[Round "3"]
[White "Gregoric, Peter (SA)"]
[Black "Zhong, Tony (QLD)"]
[Result "0-1"]
[WhiteElo "1836"]
[BlackElo "1989"]

1. e4 c5 2. Nf3 e6 3. d4 cxd4 4. Nxd4 a6 5. Nc3 Qc7 6. Be2 b5 7. a3 Bb7 8. O-O
Nf6 9. Qd3 d6 10. f4 Nbd7 11. Bf3 Rc8 12. Nb3 Be7 13. Be3 O-O 14. Rad1 Rfd8 15.
Qe2 Nb6 16. g4 d5 17. e5 Nfd7 18. Nd4 Nc4 19. Bc1 Nxa3 20. Nxd5 Bxd5 21. Bxd5
Nxc2 22. Qxc2 Qxc2 23. Nxc2 Rxc2 24. Bb3 Rcc8 25. f5 Nxe5 26. fxe6 f6 27. Rxd8+
Rxd8 28. g5 Kf8 29. gxf6 Bxf6 30. Bf4 Nc4 0-1

[Event "2016 ASTC Secondary Open"]
[Site "Wesley College WA"]
[Date "2016.12.04"]
[Round "4"]
[White "Tan, Wallace (ACT)"]
[Black "Herrmann, Oscar (SA)"]
[Result "1-0"]
[WhiteElo "1182"]
[BlackElo "1595"]

1. c4 e6 2. Nc3 Nf6 3. Nf3 d5 4. b3 Be7 5. g3 O-O 6. Bg2 Nbd7 7. cxd5 exd5 8.
Bb2 c6 9. Rc1 Re8 10. a3 a5 11. d4 Nb6 12. Ra1 Bg4 13. h3 Bxf3 14. Bxf3 Qd7 15.
Bc1 h6 16. Bf4 Nh7 17. g4 f5 18. Qd3 g5 19. Be5 f4 20. Qg6+ Kf8 21. Qg7# 1-0